000 00794nam a2200229 i 4500
001 169884
003 ES-MaACL
005 20250814084555.0
008 081215s1959 sp |||| | spa d
080 _a791.4
100 1 _aGarcía Viñó, M.
_955416
245 1 0 _aCine artístico y cine funcional /
_cManuel García Viñó.
260 _aMadrid :
_bAteneo,
_c1959 (
_fEd. Castilla)
300 _a29 p. ;
_c19 cm.
490 1 _aO crece o muere ;
_v137
594 _a"Este trabajo fue dado a conocer por su autor en la conferencia pronunciada en el Ateneo de Salamanca el día 18 de mayo de 1959"
650 0 7 _aCine
_2embne
_911010
710 2 _aAteneo de Madrid.
_91875
830 1 0 _aColección "O crece o muere"
_v137
_9183476
852 4 _aES-MaACL
_j2243-F-17
999 _c169884
_d169884